Mountains Masked! Quiz Stats

Quiz not verified by Sporcle

Challenge
Share
Tweet
Embed
Score 0/10 Timer 10:00
0 Plays Today
Hint Answer % Correct
At last, Tosca fell to her death from the battlements, to thunderous applause.Atlas Scafell
84.6%
I don't think it was ever established that it would be a good idea that trains now don't have conductors.Everest Snowdon
69.2%
Before I germinate these lettuce seeds, should I brush more of that potting compost into the tray?Eiger Rushmore
61.5%
Och, he's nae fell oot o' that mauve SUV I used tae drive aroond en, on Hogmanay, too!Snaefell Vesuvius
53.8%
I found a wasp in a tub of margarine, but I daren't complain: our local Tesco manager is a real psycho!Pinatubo Alps
46.2%
What does it matter: horn or ivory; as long as he knows he's got to have a glengarry, the buttons on his sporran are irrelevant!Matterhorn Eagle
38.5%
Hard Rock I especially like, but I could listen to opera for hour after hour, also.Rockies Urals
30.8%
Cinderella's carriage turned back into a pumpkin near a rather dark alley.Lascar Ararat
23.1%
Could you not rig lavatories up for the workmen, please, and I'll set a trash can aside for their empties.Triglav Tatras
15.4%
Cats kill sometimes just for fun, but the vampire bat usually only does so out of necessity.Catskills Batu
15.4%

You're not logged in!

Compare scores with friends on all Sporcle quizzes.
Join for Free
OR
Log In

You Might Also Like...

Show Comments

Extras

Top Quizzes Today


Score Distribution

Your Account Isn't Verified!

In order to create a playlist on Sporcle, you need to verify the email address you used during registration. Go to your Sporcle Settings to finish the process.

Report this User

Report this user for behavior that violates our Community Guidelines.

Details: